• 首页
  • 本馆介绍
  • 公告通知
  • 最新文献
  • 馆藏检索
  • 电子资源
  • 读者导购
  • 参考咨询
  • 我的图书馆
  • 登录
  • 详细信息显示
  • 放入我的书架
  • 预约/预借图书
  • 作者相关作品
  • 分类相关作品
  • 丛书相关作品
  • 出版社相关作品

书目信息

  • 表格格式
  • 工作单格式
  • 卡片格式
题名:
音乐和音响
    
 
作者: 陈国凯 著
分册:  
出版信息: 广州   花城出版社  2002
页数: 333页
开本: 21cm
丛书名:
单 册:
中图分类: J611.1
科图分类:
主题词: 音频设备--基本知识 , CT--S088954--音频设备 , 音乐--技术--理论 , 音乐--技术--方法
电子资源:
ISBN: 7-5360-3773-2
000 00964nam0 2200289 45
001 012002071117
005 20031219104109.6
010    @a7-5360-3773-2@dCNY21.00
100    @a20020906d2002 em y0chiy0110 ea
101 0  @achi
102    @aCN@b440000
105    @aa z 000yy
106    @ar
200 1  @a音乐和音响@9yin yue he yin xiang@e发烧友手记@f陈国凯著
210    @a广州@c花城出版社@d2002
215    @a333页@c照片@d21cm
314    @a陈国凯,广东省作协工作,著有《音乐和音响:发烧友手记》。
330    @a本书主要是对音响投资人提供一些入门常识和心得体会,内容包括音响纵横谈,发烧友的故事,音响系统简说,音源种种,功放杂谈,音箱谈片等。
517 1  @a发烧友手记@9fa shao you shou ji
606 0  @a音频设备@x基本知识
606 0  @2CT@3S088954@a音频设备
606 0  @a音乐@x技术@x理论
606 0  @a音乐@x技术@x方法
690    @aJ611.1@v4
701  0 @a陈国凯@9chen guo kai@4著
801    @aCN@bTSTC@c20030419
905    @b322986-988@dJ611.1@e247@f3
    
    音乐和音响:发烧友手记/陈国凯著.-广州:花城出版社,2002
    333页:照片;21cm
    
    
    ISBN 7-5360-3773-2:CNY21.00
    本书主要是对音响投资人提供一些入门常识和心得体会,内容包括音响纵横谈,发烧友的故事,音响系统简说,音源种种,功放杂谈,音箱谈片等。
●
相关链接 在E读中查询图书 在五车中查询图书 在当当中查询图书 在豆瓣中查询图书


正题名:音乐和音响     索取号:J611.1/247         预约/预借

序号 登录号 条形码 馆藏地/架位号 状态 备注
1 0322986   203229862   第一借阅区/ [索取号:J611.1/247] 在馆    
2 0322987   203229871   第一借阅区/ [索取号:J611.1/247] 在馆    
3 0322988   203229880   第一样本阅览室/ [索取号:J611.1/247] 在馆    
唐山师范学院图书馆 欢迎您!
大连网信软件有限公司© 版权所有